K niektorým otázkam tvorby a správy portfólia dlhopisov
Niektoré teoretické možnosti tvorby a správy portfólia dlhopisov. Popis 2 možnosti tvorby portfólia - podľa Markowitza a na základe modelu CAPM. Každý model využíva inú metodiku a z tohto dôvodu budú aj iné výsledky. Na tvorbu portfólia bola použitá reprezentačná vzorka štyroch Eurodlhopisov z SIX S...
Gespeichert in:
| 1. Verfasser: | |
|---|---|
| Weitere Verfasser: | |
| Format: | Buchkapitel |
| Sprache: | Slowakisch |
| Schlagworte: | |
| Tags: |
Keine Tags, Fügen Sie das erste Tag hinzu!
|
MARC
| LEADER | 00000nla$a2200000$$$4500 | ||
|---|---|---|---|
| 001 | 0124144 | ||
| 005 | 20240502072412.7 | ||
| 041 | 0 | |a slo | |
| 044 | |a SK | ||
| 245 | 1 | 0 | |a K niektorým otázkam tvorby a správy portfólia dlhopisov |c Boris Šturc, Lucia Koreňová |
| 520 | |a Niektoré teoretické možnosti tvorby a správy portfólia dlhopisov. Popis 2 možnosti tvorby portfólia - podľa Markowitza a na základe modelu CAPM. Každý model využíva inú metodiku a z tohto dôvodu budú aj iné výsledky. Na tvorbu portfólia bola použitá reprezentačná vzorka štyroch Eurodlhopisov z SIX Swiss Exchange. | ||
| 610 | 2 | 0 | |a portfólio |
| 610 | 2 | 0 | |a dlhopisy |
| 610 | 2 | 0 | |a modely ekonomicko-matematické |
| 610 | 2 | 0 | |a riziko |
| 610 | 2 | 0 | |a model CAPM |
| 100 | 1 | |a Šturc, Boris, 1961- | |
| 700 | 1 | |a Koreňová, Lucia | |